MDQL
is popping MORE tags! Check the
thread
!
Quizzes
Events
Quiz Creation
Community
Videos
Private Events
Remove Ads
Sign In
Join for FREE
Feedback
Dark Mode
Quiz Categories
Sports
Geography
Music
Movies
Television
Just For Fun
Miscellaneous
History
Literature
Language
Science
Gaming
Entertainment
Religion
Holiday
For Kids
Quiz Lab
Recent
Popular Today
Quiz Kudos Today
Editor Picks
Curator Picks
Quizzes by...
Day
Popularity
Type
Ratings
Length
Year
Community
Subscriptions
Recent Discussions
Orange Saloon
Badges
Playlists
Quests
Create
Leaderboards
Showdown
Live 5
Trivia Bingo
Activity
Puzzle Library
Sporcle Events
Private Events
Virtual Trivia
Globe League
Become a Host
Pub Owners
SporcleCon
Opinionation
Our Games
Videos
Blog
Mobile Apps
Partnerships
Remove Ads and Go Orange
Feedback
Geography
Country
Landmarks
City
State
Population
World
Capital
Continent
Flags
Europe
Africa
Asia
South America
North America
Oceania
Border
Canada
United Kingdom
Topography
United States
Geography
Country
Landmarks
City
State
Population
World
Capital
Continent
Flags
Europe
Africa
Asia
South America
North America
Oceania
Border
Canada
United Kingdom
Topography
United States
Random Quiz
Search Sporcle
×
Quiz Lab
Quiz Lab
Geography
World
Type in answers that appear in a list
Type in answers that appear in a list
Classic
Best Score? Go Orange.
Larger or Smaller than France? Stats
Can you name the countries that are larger or smaller than France (by area)?
By
seacowman01
4m
40 Questions
373 Plays
373 Plays
373 Plays
Comments
Comments
Give Quiz Kudos
Give Quiz Kudos
-
- Ratings
hide this ad
Forced Order
Answers have to be entered in order
Answers have to be entered in order
Wrong Answers
Some wrong answers will appear in red
Some wrong answers will appear in red
Replay
Link that replays current quiz
Next Quiz
Link to next quiz in quiz playlist
You Got
0%
They Got
Avg Score
63%
Avg Friend Score
Upgrade to see
Score Distribution
Jump to the score distribution portion of the page
Score
0/40
Timer
04:00
0
Plays Today
Country
Enter L or S
% Correct
Oman
???
86.6%
Spain
???
84.2%
Egypt
???
82%
Turkey
???
80.7%
Colombia
???
74%
Ukraine
???
73.2%
Nigeria
???
72.7%
Pakistan
???
72.7%
Vietnam
???
72.1%
Bolivia
???
71.6%
Japan
???
71%
Paraguay
???
70.2%
Peru
???
69.4%
Norway
???
69.4%
Yemen
???
68.4%
Mauritania
???
68.1%
Namibia
???
67.3%
Afghanistan
???
66.8%
Finland
???
66.5%
Mozambique
???
64.9%
Country
Enter L or S
% Correct
Tanzania
???
64.1%
Zimbabwe
???
63.5%
Venuzuela
???
63%
Poland
???
62.7%
Malaysia
???
62.7%
Germany
???
62.2%
Sweden
???
59.2%
Cameroon
???
57.9%
Madgascar
???
57.9%
Morocco
???
55.8%
Papa New Guinea
???
53.4%
Turkmenistan
???
53.1%
Thailand
???
52.8%
Chile
???
52.3%
Somalia
???
49.9%
Iraq
???
48.8%
Kenya
???
46.4%
Zambia
???
45.8%
Uzbekistan
???
45.8%
Botswana
???
37.5%
Quiz Playlist
Details
Report
Send in Message
Add To Playlist
Classic:
Type in answers that appear in a list
Forced Order:
Answers have to be entered in order
Wrong Answers:
Some wrong answers will appear in red
Last Updated: Feb 16, 2017
Quiz Scoreboard
CHALLENGE
Sign Up to Join the Scoreboard
Show All
Scores
Hide
Comments
May contain spoilers
Recently Published
Holiday 10x10 Sorting Gallery
by lukepisani3
Holiday
15m
Two Season TV Shows II
by 123Four
Television
10m
Image Sorting: Flags VI
by Barbecue
Geography
2m
More to Explore
Quiz From the Vault
Featured Blog Post
14 Easter Pick-up Lines to Find Eggs With
hide this ad
You Might Also Like...
Tags
Country Quiz
Europe Quiz
World Quiz
France
Larger
Larger Than
Smaller
Today's Top Quizzes in Geography
Browse Geography
hide this ad
Today's Top Quizzes in World
Browse World
Top Contributed Quizzes in Geography
1
Colored Red Europe Blitz I
2
Countries of the World - No Outlines Minefield
3
Colored Red Africa Blitz II
4
Colored Red Europe Blitz II
5
Colored Red Europe Blitz III
6
Colored Red Africa Blitz III
7
Colored Red States Blitz I
8
A Different View: World Oceans
9
Colored Red States Blitz II
10
Colored Red States Blitz III
Explore More
Trending Topics
Anime
Marvel
Kpop
NBA
Disney
Crossword
Harry Potter
WWE
Soccer
Pokémon
The Office
Puzzle
Country
NFL
Song
hide this ad
More By:
seacowman01
Quiz
Plays
Rating
Category
Featured
Created
Pixar Bunker
740,167
4.02
Movies
Jan 10, 2012
European Countries Border Blitz
140,924
4.61
Geography
Dec 22, 2011
Car Logos Close-Up
113,559
4.42
Miscellaneous
May 12, 2012
'R'-Less States
112,372
4.50
Geography
Feb 10, 2012
Past Tense Blitz
99,752
4.51
Language
Dec 5, 2011
Go to Creator's Profile
Score Distribution
Quiz Creator Spotlight
seacowman01
Follow
Send a Message
Quizzes Created
-
Created Quiz Play Count
-
More By This Creator
Popular Quizzes Today
1
Find the US States - No Outlines Minefield
2
Colored Red Africa Blitz
3
Find the 'City' Movie
4
The Countries of the World
5
Find the US States
6
5x2 Blitz: Bands
7
Find the Countries of Europe - No Outlines Minefield
8
US States
More Geography Quizzes
All about... Pretoria
Quiz Lab
Trending Quizzes
Colored Red Europe Blitz I
Colored Red Europe Blitz II
Colored Red Africa Blitz II
Colored Red Europe Blitz III
Colored Red Africa Blitz III
Recently Updated
Odd Team Out - Big 4 Players
pecheneg
Quick Pick: 20 Twenties
pecheneg
March Madness Men's Triple Doubles
pecheneg
How Do You Spell That?
pecheneg
Godzilla Movies
pecheneg
Grab Bag: 4-10 Letters
pecheneg
2024 March Madness Bracket
pecheneg
Famous TV Couples
Peacemaker
Champions League XIs: Real Madrid
pecheneg
Largest US Cities 1790-2010
pecheneg
Trending Topics
Harry Potter
Marvel
Anime
NBA
Kpop
Crossword
Disney
WWE
Pokémon
Puzzle
Soccer
Song
NFL
Country
The Office
Your Account Isn't Verified!
In order to create a playlist on Sporcle, you need to verify the email address you used during registration. Go to your
Sporcle Settings
to finish the process.
Report this User
Report this user for behavior that violates our
Community Guidelines
.
Details:
Send Report
Go to the Sporcle.com Mobile Site →
Comments